Most Watched Movies of All Time - Statistics

General Stats
  • This quiz has been taken 53 times
  • The average score is 9 of 40
Answer Stats
Hint Answer % Correct
1. Titanic
81%
39. The Avengers
48%
9. The Godfather
48%
13. Harry Potter and the Philosopher’s Stone
46%
5. The Lord of the Rings: The Return of the King
42%
29. Gone with the Wind
40%
21. Forrest Gump
35%
20. Pulp Fiction
35%
2. E.T. the Extra-Terrestrial
31%
12. Raiders of the Lost Ark
31%
16. The Dark Knight
31%
14. The Shawshank Redemption
29%
37. Casablanca
27%
4. Star Wars: Episode IV - A New Hope
27%
18. Jaws
25%
11. Jurassic Park
25%
8. The Lion King
25%
3. The Wizard of Oz
23%
28. Ben-Hur
21%
24. Back to the Future
19%
25. Citizen Kane
19%
34. It’s a Wonderful Life
17%
26. Psycho
17%
30. Saving Private Ryan
17%
15. Schindler’s List
17%
19. Fight Club
15%
38. Gladiator
15%
6. Snow White and the Seven Dwarfs
15%
32. The Matrix
15%
27. The Sound of Music
15%
7. Terminator 2: Judgement Day
10%
33. Braveheart
8%
36. Seven Samurai
8%
23. Transformers
8%
22. Shrek
6%
40. The Ten Commandments
6%
10. Jesus
4%
35. Scarface
4%
17. Pirates of the Caribbean: The Curse of the Black Pearl
2%
31. City of God
0%
No matching quizzes found
Score Distribution
Percent of People with Each Score
Percentile by Number Answered
Your Score History
You have not taken this quiz